| 000 | 01564cam a2200397 a 4500 | ||
|---|---|---|---|
| 005 | 20260322212010.0 | ||
| 008 | data | ||
| 010 | _a 2011017658 | ||
| 020 | _a9781423140597 (hardcover) | ||
| 020 | _a1423140591 | ||
| 040 |
_aDLC _cDLC _dDLC |
||
| 042 |
_apcc _apcc |
||
| 050 | 0 | 0 |
_aPZ7.R4829 _bSon 2011 |
| 082 | 0 | 0 |
_a[Fic] _222 |
| 099 | _aRIORDR | ||
| 100 | 1 | _aRiordan, Rick. | |
| 245 | 1 | 4 |
_aThe son of Neptune / _cRick Riordan. |
| 250 | _a1st ed. | ||
| 260 |
_aNew York : _bDisney/Hyperion Books, _cc2011. |
||
| 300 |
_a513 p. : _bmaps ; _c22 cm. |
||
| 490 | 0 |
_aThe heroes of Olympus ; _vbk. 2 |
|
| 520 | _aDemigod Percy Jackson, still with no memory, and his new friends from Camp Jupiter, Hazel and Frank, go on a quest to free Death, but their bigger task is to unite the Greek and Roman camps so that the Prophecy of Seven can be fulfilled. | ||
| 650 | 0 |
_aMythology, Roman _vJuvenile fiction. |
|
| 650 | 0 |
_aMythology, Greek _vJuvenile fiction. |
|
| 650 | 1 |
_aMythology, Roman _vFiction. |
|
| 650 | 1 |
_aMythology, Greek _vFiction. |
|
| 650 | 1 |
_aCamps _vFiction. |
|
| 650 | 1 |
_aHera (Greek deity) _vFiction. |
|
| 650 | 1 |
_aGaia (Greek deity) _vFiction. |
|
| 650 | 1 |
_aMonsters _vFiction. |
|
| 650 | 1 |
_aProphecies _vFiction. |
|
| 906 |
_a7 _bcbc _corignew _d1 _eecip _f20 _gy-gencatlg |
||
| 925 | 0 |
_aacquire _b2 shelf copies _xpolicy default |
|
| 955 |
_dxc05 2011-06-23 (telework) to CIP; _fxc11 2011-10-19 c. 1 to shelf _txc11 2012-01-17 c. 2 to shelf _txc11 2012-01-17 c. 2 to shelf _etc12 2012-02-16 bib. update |
||
| 001 | data | ||
| 999 |
_c192 _d192 |
||